000 00611pam a2200205 a 4500
001 2052241
005 20240206055119.0
008 930921s1994 enk b 001 0 eng
020 _a0745307396 (pbk.)
020 _a0745307388 (cloth)
040 _aDLC
_cDLC
_dDLC
082 0 0 _a306.2
_220
_bPOW.
100 1 _aGledhill, John.
245 1 0 _aPower & its disguises :
_banthropological perspectives on politics /
_cby John Gledhill.
260 _aLondon ;
_aBoulder, Colo. :
_bPluto Press,
_c1994.
300 _avii, 248 p. ;
650 0 _aPolitical anthropology.
650 0 _aPower (Social sciences)
942 _cL
999 _c315
_d315